C.G. Jung papers, (Record no. 44346)
[ view plain ]
| 000 -LEADER | |
|---|---|
| fixed length control field | 02314cpcaa2200457 a 4500 |
| 001 - CONTROL NUMBER | |
| control field | mm 95083473 |
| 003 - CONTROL NUMBER IDENTIFIER | |
| control field | DLC |
| 005 - DATE AND TIME OF LATEST TRANSACTION | |
| control field | 20260227111725.0 |
| 007 - PHYSICAL DESCRIPTION FIXED FIELD--GENERAL INFORMATION | |
| fixed length control field | cr ||||||||||| |
| 008 - FIXED-LENGTH DATA ELEMENTS--GENERAL INFORMATION | |
| fixed length control field | 950927|||||||||||| ger |
| 010 ## - LIBRARY OF CONGRESS CONTROL NUMBER | |
| LC control number | mm 95083473 |
| 040 ## - CATALOGING SOURCE | |
| Original cataloging agency | DLC |
| Transcribing agency | DLC |
| Modifying agency | DLC |
| Description conventions | dacs |
| 041 ## - LANGUAGE CODE | |
| Language code of text/sound track or separate title | ger |
| -- | eng |
| 072 #7 - SUBJECT CATEGORY CODE | |
| Subject category code | S |
| Source | lcmd |
| 100 1# - MAIN ENTRY--PERSONAL NAME | |
| Personal name | Jung, C. G. |
| Fuller form of name | (Carl Gustav), |
| Dates associated with a name | 1875-1961. |
| 245 00 - TITLE STATEMENT | |
| Title | C.G. Jung papers, |
| Inclusive dates | 1949-1994 |
| Bulk dates | (bulk 1956-1960). |
| 300 ## - PHYSICAL DESCRIPTION | |
| Extent | 550 |
| Type of unit | items. |
| 300 ## - PHYSICAL DESCRIPTION | |
| Extent | 2 |
| Type of unit | containers. |
| 300 ## - PHYSICAL DESCRIPTION | |
| Extent | 1 |
| Type of unit | microfilm reel. |
| 300 ## - PHYSICAL DESCRIPTION | |
| Extent | 0.8 |
| Type of unit | linear feet. |
| 506 0# - RESTRICTIONS ON ACCESS NOTE | |
| Terms governing access | Open to research. |
| 506 ## - RESTRICTIONS ON ACCESS NOTE | |
| Terms governing access | Restrictions may apply to unprocessed material. |
| 520 8# - SUMMARY, ETC. | |
| Summary, etc. | Correspondence, interview transcripts, and drafts of writings pertaining primarily to Jung's autobiography written by Aniela Jaffé based on her interviews with him. Also includes R.F.C. Hull's English translation of portions of the autobiography. |
| 530 ## - ADDITIONAL PHYSICAL FORM AVAILABLE NOTE | |
| Additional physical form available note | Microfilm edition of folders 7-16 of container 1 and container 2 available, |
| Order number | no. 21,057. |
| 533 ## - REPRODUCTION NOTE | |
| Type of reproduction | Microfilm produced from originals in the Manuscript Division. |
| Place of reproduction | Washington, D.C. : |
| Agency responsible for reproduction | Library of Congress Photoduplication Service, |
| Date of reproduction | 1991. |
| 533 ## - REPRODUCTION NOTE | |
| Type of reproduction | Photocopies, in part. |
| Place of reproduction | [S.l.]. |
| 545 0# - BIOGRAPHICAL OR HISTORICAL DATA | |
| Biographical or historical data | Swiss psychoanalyst. |
| 546 ## - LANGUAGE NOTE | |
| Language note | Collection material in German and English. |
| 555 8# - CUMULATIVE INDEX/FINDING AIDS NOTE | |
| Cumulative index/finding aids note | Finding aid available in the Library of Congress Manuscript Reading Room and at |
| Uniform Resource Identifier | <a href="http://hdl.loc.gov/loc.mss/eadmss.ms009162">http://hdl.loc.gov/loc.mss/eadmss.ms009162</a> |
| 583 ## - ACTION NOTE | |
| Action | Portions of the collection originally processed as part of the records of the Bollingen Foundation from which they have now been transferred. |
| 650 #0 - SUBJECT ADDED ENTRY--TOPICAL TERM | |
| Topical term or geographic name entry element | Psychoanalysis. |
| 650 #0 - SUBJECT ADDED ENTRY--TOPICAL TERM | |
| Topical term or geographic name entry element | Psychoanalysts |
| Geographic subdivision | Switzerland |
| Form subdivision | Biography. |
| 656 #7 - INDEX TERM--OCCUPATION | |
| Occupation | Psychoanalysts. |
| Source of term | itoamc |
| 700 1# - ADDED ENTRY--PERSONAL NAME | |
| Personal name | Hull, R. F. C. |
| Fuller form of name | (Richard Francis Carrington), |
| Dates associated with a name | 1913-1974. |
| Title of a work | R.F.C. Hull papers. |
| 700 1# - ADDED ENTRY--PERSONAL NAME | |
| Personal name | Jaffé, Aniela. |
| Title of a work | Aniela Jaffé papers. |
| 856 4# - ELECTRONIC LOCATION AND ACCESS | |
| Materials specified | Finding aid |
| Uniform Resource Identifier | <a href="http://hdl.loc.gov/loc.mss/eadmss.ms009162">http://hdl.loc.gov/loc.mss/eadmss.ms009162</a> |
| 856 4# - ELECTRONIC LOCATION AND ACCESS | |
| Materials specified | Finding aid (PDF) |
| Uniform Resource Identifier | <a href="http://hdl.loc.gov/loc.mss/eadmss.ms009162.3">http://hdl.loc.gov/loc.mss/eadmss.ms009162.3</a> |
No items available.